000 00447nam a2200169 a 4500
001 0000-9077
003 ELIB.Books
008 110520 1957
035 _a(ELIB.Books)0000-9226
082 _a225.7
_bGut
100 _aGuthrie, Donald
245 _aTyndale (The Pastoral Epistles)
260 _bGrand Rapids: Wm. B. Eerdmans Publishing Co.
_c1957
650 _aReference
942 _2ddc
_cBK
998 _cbat
_e2011-05-20
999 _c9077
_d9077